000 00309nam a22001337a 4500
003 SGT
082 _a370
_bS07N
100 _aN.C.E.R.T.
245 _aSIXTH SURVEY OF EDUCATIONAL RESEARCH 1993-2000 (VOL-II)
260 _aNEW DELHI
_bNCERT PUB
_c2007
300 _a586
650 _aEDUCATION
942 _2ddc
_cBK
999 _c12593
_d12593